Havā ke rang / (Record no. 64110)

MARC details
000 -LEADER
fixed length control field 00531cam a2200205 a 4500
001 - CONTROL NUMBER
control field sa 65005098
003 - CONTROL NUMBER IDENTIFIER
control field DLC
005 - DATE AND TIME OF LATEST TRANSACTION
control field 20260227112135.0
008 - FIXED-LENGTH DATA ELEMENTS--GENERAL INFORMATION
fixed length control field 950531s1962 pk 000 p urdo
010 ## - LIBRARY OF CONGRESS CONTROL NUMBER
LC control number sa 65005098
035 ## - SYSTEM CONTROL NUMBER
System control number (OCoLC)32578633
040 ## - CATALOGING SOURCE
Original cataloging agency DLC
Transcribing agency DLC
050 00 - LIBRARY OF CONGRESS CALL NUMBER
Classification number PK2200.S435
Item number H3
100 0# - MAIN ENTRY--PERSONAL NAME
Personal name Jaʻfar Shīrāzī,
Dates associated with a name 1920-
245 10 - TITLE STATEMENT
Title Havā ke rang /
Statement of responsibility, etc. Jaʻfar Shīrāzī.
260 ## - PUBLICATION, DISTRIBUTION, ETC.
Place of publication, distribution, etc. Lahaur :
Name of publisher, distributor, etc. Maktabah-yi Adab-i Jadīd,
Date of publication, distribution, etc. 1962.
300 ## - PHYSICAL DESCRIPTION
Extent 112 p.
Dimensions 18 cm.
500 ## - GENERAL NOTE
General note Poems.
546 ## - LANGUAGE NOTE
Language note In Urdu.

No items available.

Powered by Koha